000 00587nam a2200205Ia 4500
005 20250508165428.0
008 008 250505s9999 xx 000 0 eng d
020 _a978-93-82126-79-9
037 _aTextual
040 _aFEDL
_beng
_cFEDL
041 _aeng
_2eng
084 _a428.407, MUJ
_qFEDL
100 _aSyed Mujahid
_9174652
245 0 _aDeveloping language skills through newspapers
260 _aNew Delhi, India
_bResearch India Press
_c2014
300 _axii, 153p.
365 _aINR
_b595
942 _cTEXL
_h428.407, MUJ
999 _c1395057
_d1395057